A new approach to the local embedding theorem of CR-structures for n [greater than or equal to] 4 (the local solvability for the operator [overbarred partial] B in the abstract sense)

Saved in:
Bibliographic Details
Main Author: Akahori, Takao 1949-
Format: Book
Language:English
Published: Providence, R.I. : American Mathematical Society, 1987
Series:Memoirs of the American Mathematical Society ; ; no. 366
Subjects:
Tags: Add Tag
No Tags, Be the first to tag this record!

MARC

LEADER 00000cam a2200000 i 4500
001 1/50804
008 941103s1987 eng d
020 |a 0821824287 
035 |l 10043973 
035 |a 93314/377 
040 |a GR-MY-UA  |b gre  |e aacr 
041 0 |a eng 
082 0 |a 515.23  |2 (19) 
100 1 |a Akahori, Takao  |d 1949- 
245 1 2 |a A new approach to the local embedding theorem of CR-structures for n [greater than or equal to] 4 (the local solvability for the operator [overbarred partial] B in the abstract sense) /  |c Takao Akahori 
246 3 3 |a Local embedding theorem of CR-structures 
260 |a Providence, R.I. :   |b American Mathematical Society,   |c 1987 
300 |a xv, 257 p.;  |c 26 cm 
490 1 |a Memoirs of the American Mathematical Society  |v ; no. 366  |x 0065-9266 
500 |a Running title: Local embedding theorem of CR-structures 
500 |a On t.p. "[greater than or equal to]" and "[overbarred partial]" appear as symbols and "B" is subscript 
504 |a Includes bibliographies 
650 0 0 |a Embedding theorems. 
650 0 0 |a Complex manifolds. 
830 0 |a Memoirs of the American Mathematical Society ;  |v ; no. 366 
852 |a INST  |b SAMOS  |e 19941103  |h 515.23 AKA  |p 005300014128  |q 005300014128  |t BK  |y 0 
909 |a Σ  |b 033745